| 000 | 00883nam a22002417a 4500 | ||
|---|---|---|---|
| 005 | 20170804114200.0 | ||
| 010 | _aBAC-CH25 | ||
| 020 |
_a9780141339108 _c350.00 |
||
| 035 | _aB-561901-923 | ||
| 035 | _aB-664610 | ||
| 035 | _aG-002815 | ||
| 037 |
_bUBH/Ven _adpl |
||
| 082 | _aS | ||
| 100 | _aColfer, Eoin | ||
| 245 |
_aArtemis Fowl: _cby Eoin Colfer _band the arctic incident/ |
||
| 260 |
_aNew Delhi _bPuffin Books _c2011 |
||
| 270 |
_a11 Community Centre, Panchsheel Park _bNew Delhi _e10017 (India) |
||
| 300 |
_a288p. _c20cm(pbk) |
||
| 942 |
_2ddc _cCH _mCOL _hS |
||
| 999 |
_c85545 _d85545 |
||